| 000 | 00698nam a22001817a 4500 | ||
|---|---|---|---|
| 005 | 20140520110336.0 | ||
| 008 | 130322b nyu||||| |||| 00| 0 eng d | ||
| 020 | _a9781570757952 | ||
| 100 |
_aOrobator, A. E. _q(Agbonkhianmeghe E.) |
||
| 245 |
_aTheology brewed in an African pot : _ban introduction to Christian doctrine from an African perspective / _cAgbonkhianmeghe E. Orobator. |
||
| 260 |
_aNairobi : _bPaulines Publications Africa, _c2008. |
||
| 300 |
_a152 p. ; _c21 cm. |
||
| 504 | _aIncludes bibliographical references (p. [142]) and index. | ||
| 600 |
_aAchebe, Chinua. _tThings fall apart. |
||
| 650 |
_aTheology _zAfrica. |
||
| 650 |
_aTheology, Doctrinal _zAfrica. |
||
| 942 |
_2lcc _cBK |
||
| 999 |
_c36337 _d36337 |
||